Epidemiology of gasstrointestinal parasites in cattle in Sa Ang district of Kandal province, ការសិក្សាអំពីកំរិតរាលដាល នៃជំងឺបង្កឡើងដោយប៉ារ៉ាស៊ីតខាងក្នុងរបស់គោ នៅស្រុកស្អាង ខេត្តកណ្តាល (Record no. 2061)

000 -LEADER
fixed length control field 00719nam a22001577a 4500
003 - CONTROL NUMBER IDENTIFIER
control field OSt
005 - DATE AND TIME OF LATEST TRANSACTION
control field 20210319150139.0
008 - FIXED-LENGTH DATA ELEMENTS--GENERAL INFORMATION
fixed length control field 151006b xxu||||| |||| 00| 0 eng d
040 ## - CATALOGING SOURCE
Transcribing agency RUA
082 ## - DEWEY DECIMAL CLASSIFICATION NUMBER
Classification number AVM SAR 2000 B072 Or.1
100 ## - MAIN ENTRY--PERSONAL NAME
9 (RLIN) 2190
Personal name SAR, SEILA.
245 ## - TITLE STATEMENT
Title Epidemiology of gasstrointestinal parasites in cattle in Sa Ang district of Kandal province, ការសិក្សាអំពីកំរិតរាលដាល នៃជំងឺបង្កឡើងដោយប៉ារ៉ាស៊ីតខាងក្នុងរបស់គោ នៅស្រុកស្អាង ខេត្តកណ្តាល
260 ## - PUBLICATION, DISTRIBUTION, ETC. (IMPRINT)
Place of publication, distribution, etc. Phnom Penh
Name of publisher, distributor, etc. RUA
Date of publication, distribution, etc. 2000
300 ## - PHYSICAL DESCRIPTION
Extent ix; 64p.
Other physical details ill.
Dimensions 29cm.
942 ## - ADDED ENTRY ELEMENTS (KOHA)
Source of classification or shelving scheme
Koha item type AVM
Holdings
Price effective from Date last seen Permanent Location Not for loan Date acquired Source of classification or shelving scheme Koha item type Lost status Withdrawn status Total Renewals Date last checked out Total Checkouts Damaged status Barcode Current Location Full call number
2015-10-062019-08-09Library Block B 2015-10-06 AVM  32019-07-196 A065852Library Block BAVM SAR 2000 B072 Or.1
មជ្ឈមណ្ឌលឯការនៃសាកលវិទ្យាល័យភូមិន្ទកសិកម្មចំការដូង

Powered by Koha